Espanja - työelämä - Statistics

Yleistilastot
  • Tätä visaa on pelattu 12 kertaa
  • Keskiarvotulos 8 / 30
Vastaustilastot
Hint Vastaus % Oikein
poliisi policía
100%
myyjä cajero
67%
asiakas cliente
67%
kollega colega
67%
työntekijä empleado
67%
sairaanhoitaja enfermero
67%
toimisto oficina
67%
poliitikko político
67%
kokous reunión
67%
sopimus contrato
33%
työpaikka lugar de trabajo
33%
respa recepción
33%
ylityö tiempo de más
33%
ylennys ascenso
0%
cv curriculum vitae
0%
työnantaja empleador
0%
yritys empresa
0%
asiantuntija experto
0%
deadline fecha de entrega
0%
työvuoro jornada
0%
zoom -puhelu llamada de zoom
0%
tavoite objetivo
0%
työtön parado
0%
harjoittelu prácticas
0%
työkokemus prácticas laborales
0%
vaatimus requisitos
0%
palkka salario
0%
asiakaspalvelu servicio al cliente
0%
esimies superior
0%
vartija vigilante
0%
Ehtoja vastaavia visoja ei löytynyt
Tulosjakauma
Jokaisen tuloksen saaneiden osuus
Persentiili vastausten määrän mukaan
Tuloshistoriasi
Et ole pelannut tätä visaa